000 00930cad a22002055a 4500
001 E153852
008 110913s2011 xxk f 000 0 eng d
035 _a(Sirsi) u153852
041 0 _aeng
100 1 _aThuer, Chantal-Helen
245 0 0 _aScottish Renaissance interiors
_bfacings and adhesives for size-tempera painted wood
_h[electronic resource]
260 _aEdinburgh
_bHistoric Scotland
_c2011
490 0 _aHistoric Scotland Technical Paper
_v(11)
520 _aLooks at which facings are most appropriate for the transport and conservation of size-tempera painted wood. Discusses past practices and looks at current methods.
590 _aKA
651 4 _aScotland
_y1999-
690 _aBUILT ENVIRONMENT-BUILDING MAINTENANCE AND REFURBISHMENT-BUILDING CONSERVATION
856 4 0 _uhttps://www.historic-scotland.gov.uk/technicalpaper11.pdf
_zView the paper free of charge at www.historic-scotland.gov.uk
942 _n0
999 _c112726
_d112726